Statistics for Car Models By Dictionary Definition #1

Click here to take the quiz!

General Stats

  • This quiz has been taken 24 times
  • The average score is 5 of 10

Answer Stats

Car BrandDefinitionAnswer% Correct
ToyotaA vast, flat, treeless Arctic region of Europe, Asia, and North America in which the subsoil is permanently frozen.Tundra
67%
HondaA person who operates the flying controls of an aircraft.Pilot
63%
HondaA distinctive mode of pronunciation of a language, especially one associated with a particular nation, locality, or social class.Accent
58%
FordThe process or result of joining two or more things together to form a single entity.Fusion
58%
ToyotaThe petals of a flower, typically forming a whorl within the sepals and enclosing the reproductive organs.Corolla
54%
SaturnAn atom or molecule with a net electric charge due to the loss or gain of one or more electrons.Ion
54%
HondaRelating to a city or town, especially its administration; municipal.Civic
50%
PontiacA person's emotional state or the atmosphere of a place as communicated to and felt by others.Vibe
46%
GMCA messenger or representative, especially one on a diplomatic mission.Envoy
33%
ToyotaUsed in academic or legal texts to refer to someone or something mentioned above or earlier.Supra
33%

Score Distribution

Percentile by Number Answered

Percent of People with Each Score

Your Score History

You have not taken this quiz